01253cam a2200265 a 4500999001500000001000600015003000900021005001700030008004100047040003800088082001900126100002000145245004900165260003800214300002400252490002200276500002000298650003900318942001200357952013200369952011700501952011700618952013500735952011700870 c1171d117114066BD-DhUAP20200203144824.0200203s ii a bl 010 0 eng  aBD-DhUAPcBD-DhUAPdBD-DhUAPbEng 223a342.73 IQB aIqbal, Nadeema. aThe constitution of U.S.A. /cNadeema Iqbal. aLahore :bImran law book,c[...?] a159 pages ;c24 cm. aImran law series. aIncludes index. aConstitutional lawzUnited States. 2ddccBK 00102ddc4070aUAPCLbUAPCLcGeneral Stacksd2020-02-03l1o342.73 IQBp3010014066r2026-05-03s2026-04-12t1w2020-02-03yBK 00102ddc4070aUAPCLbUAPCLcGeneral Stacksd2020-02-03o342.73 IQBp3010014068r2020-02-05t2w2020-02-03yBK 00102ddc4070aUAPCLbUAPCLcGeneral Stacksd2020-02-03o342.73 IQBp3010014064r2020-02-05t3w2020-02-03yBK 00102ddc4070aUAPCLbUAPCLcGeneral Stacksd2020-02-03l2m1o342.73 IQBp3010014065r2025-08-11s2025-07-21t4w2020-02-03yBK 00102ddc4070aUAPCLbUAPCLcGeneral Stacksd2020-02-03o342.73 IQBp3010014067r2020-02-05t5w2020-02-03yBK